[Event "Ulm/Neu Ulm-ch"]
[Site "Ulm/Neu Ulm"]
[Date "2006.11.17"]
[Round "5"]
[White "Spaeth, Daniel"]
[Black "Dymerets, Yosyp"]
[Result "1/2-1/2"]
[WhiteElo "1686"]
[BlackElo "1819"]
[PlyCount "107"]
[EventDate "2006.09.22"]
[EventType "swiss"]
[EventRounds "7"]
[EventCountry "GER"]
[SourceTitle "EXT 2011"]
[Source "ChessBase"]
[SourceDate "2010.11.26"]
[SourceVersion "1"]
[SourceVersionDate "2010.11.26"]
[SourceQuality "1"]

1. e4 c5 2. Nf3 d6 3. d4 cxd4 4. Nxd4 Nf6 5. Nc3 a6 6. f3 e5 7. Nf5 Bxf5 8. exf5 Qc7 9. Be3 Nbd7 10. Qd2 Nb6 11. 0-0-0 Nc4 12. Bxc4 Qxc4 13. b3 Qc6 14. Rhe1 Rc8 15. Kb2 Be7 16. Re2 0-0 17. Nd5 Nxd5 18. Qxd5 Qxd5 19. Rxd5 b5 20. Bd2 Rc6 21. Bb4 Rd8 22. f4 f6 23. g4 Kf7 24. Red2 exf4 25. R5d4 g5 26. fxg6+ hxg6 27. Rxf4 Rdc8 28. Rfd4 Rd8 29. h4 Rd7 30. h5 gxh5 31. gxh5 Bf8 32. Rf2 Bh6 33. Rg4 Ke6 34. Rg6 Bg5 35. Bc3 Rf7 36. h6 Bc1+ 37. Kxc1 Rxc3 38. Rh2 Rh7 39. Rg8 Rc6 40. Kd2 Kf7 41. Rg3 b4 42. Rg4 a5 43. Kd3 Rc5 44. Rd4 Ke6 45. Ke4 Re5+ 46. Kf4 d5 47. Rd3 Re4+ 48. Kf3 Re1 49. c3 bxc3 50. Rxc3 Rg1 51. Rc5 Rg6 52. Rxa5 Rhxh6 53. Re2+ Kd6 54. Ra6+ 1/2-1/2

[Event "Ulm/Neu Ulm-ch"]
[Site "Ulm/Neu Ulm"]
[Date "2006.10.08"]
[Round "2"]
[White "Linder, Peter"]
[Black "Dymerets, Yosyp"]
[Result "1-0"]
[WhiteElo "2042"]
[BlackElo "1819"]
[PlyCount "57"]
[EventDate "2006.09.22"]
[EventType "swiss"]
[EventRounds "7"]
[EventCountry "GER"]
[SourceTitle "EXT 2011"]
[Source "ChessBase"]
[SourceDate "2010.11.26"]
[SourceVersion "1"]
[SourceVersionDate "2010.11.26"]
[SourceQuality "1"]

1. d4 Nf6 2. c4 g6 3. Nc3 Bg7 4. e4 d6 5. f3 0-0 6. Be3 Nbd7 7. Nge2 c5 8. Qd2 a6 9. Rd1 Qc7 10. Nc1 cxd4 11. Bxd4 Nc5 12. Be2 e5 13. Be3 Rd8 14. 0-0 b6 15. b4 Ne6 16. Nb3 Rb8 17. Rb1 Bb7 18. Rfc1 Bc6 19. Nd5 Qa7 20. Na5 Ba8 21. Nb3 Nc7 22. Nc3 Qb7 23. a4 Qc6 24. a5 bxa5 25. b5 axb5 26. cxb5 Qe8 27. b6 Ne6 28. Bb5 Qe7 29. Nxa5 1-0

[Event "Ulm/Neu Ulm-ch"]
[Site "Ulm/Neu Ulm"]
[Date "2005.??.??"]
[Round "?"]
[White "Roig Werner, Ida"]
[Black "Dymerets, Yosyp"]
[Result "0-1"]
[WhiteElo "1292"]
[BlackElo "1818"]
[PlyCount "33"]
[EventDate "2005.11.26"]
[EventType "swiss"]
[EventRounds "7"]
[EventCountry "GER"]
[SourceTitle "EXT 2011"]
[Source "ChessBase"]
[SourceDate "2010.11.26"]
[SourceVersion "1"]
[SourceVersionDate "2010.11.26"]
[SourceQuality "1"]

1. c4 Nf6 2. Nc3 c5 3. d3 Nc6 4. a3 e6 5. g3 Be7 6. Bg2 0-0 7. Nf3 d5 8. cxd5 exd5 9. e3 Bg4 10. h3 Bf5 11. Nh4 Be6 12. g4 Nxg4 13. hxg4 Bxh4 14. Qf3 Ne5 15. Qh3 g5 16. Kd2 Bxg4 17. f4 0-1

[Event "Ulm/Neu Ulm-ch"]
[Site "Ulm/Neu Ulm"]
[Date "2004.11.12"]
[Round "5"]
[White "Dymerets, Yosyp"]
[Black "Fiedler, Peter"]
[Result "1-0"]
[WhiteElo "1600"]
[BlackElo "1766"]
[PlyCount "86"]
[EventDate "2004.09.17"]
[EventType "swiss"]
[EventRounds "7"]
[EventCountry "GER"]
[SourceTitle "EXT 2011"]
[Source "ChessBase"]
[SourceDate "2010.11.26"]
[SourceVersion "1"]
[SourceVersionDate "2010.11.26"]
[SourceQuality "1"]

1. e4 c5 2. Nf3 Nc6 3. d4 cxd4 4. Nxd4 Nf6 5. Nc3 e5 6. Ndb5 d6 7. Nd5 Nxd5 8. exd5 Ne7 9. c4 a6 10. Nc3 Ng6 11. Be3 Qa5 12. Bd3 f5 13. f3 Be7 14. Qd2 h6 15. g3 Bd7 16. a3 Rc8 17. 0-0 0-0 18. Qf2 Qd8 19. Qd2 Be8 20. b3 f4 21. Bf2 fxg3 22. Bxg3 Nf4 23. Be4 Bg5 24. Qc2 Qb6+ 25. Kh1 Bd7 26. Bf2 Qd8 27. Ne2 Nh3 28. Be1 Be3 29. Ng3 Qg5 30. Rd1 Bb6 31. Qd2 Nf4 32. Bf2 Bxf2 33. Rxf2 Bh3 34. Re1 Qh4 35. Nf1 Rf6 36. Ne3 h5 37. Rb1 Rcf8 38. Qc2 g5 39. Rd2 R8f7 40. Rdd1 Bc8 41. Rg1 g4 42. fxg4 Kf8 43. Rg3 Nh3 1-0

[Event "Ulm/Neu Ulm-ch"]
[Site "Ulm/Neu Ulm"]
[Date "2004.10.01"]
[Round "2"]
[White "Wendel, Walter"]
[Black "Dymerets, Yosyp"]
[Result "0-1"]
[WhiteElo "1400"]
[BlackElo "1600"]
[PlyCount "60"]
[EventDate "2004.09.17"]
[EventType "swiss"]
[EventRounds "7"]
[EventCountry "GER"]
[SourceTitle "EXT 2011"]
[Source "ChessBase"]
[SourceDate "2010.11.26"]
[SourceVersion "1"]
[SourceVersionDate "2010.11.26"]
[SourceQuality "1"]

1. e4 c5 2. Nf3 d6 3. Nc3 a6 4. d4 cxd4 5. Nxd4 Nf6 6. Bg5 e6 7. Qd2 Be7 8. Be3 Ng4 9. 0-0-0 Nxe3 10. Qxe3 Qc7 11. Kb1 Nd7 12. Qd2 0-0 13. h4 Nb6 14. Nb3 Rd8 15. Be2 Nc4 16. Bxc4 Qxc4 17. Qd4 Qc7 18. g3 b5 19. Ne2 Bb7 20. f3 Rac8 21. Rc1 d5 22. Qe3 dxe4 23. f4 a5 24. Nbd4 a4 25. Nxb5 Qd7 26. Ned4 Bc5 27. c3 Qxb5 28. g4 Bxd4 29. cxd4 Qd3+ 30. Qxd3 exd3 0-1